Architecture of reliable Web applications software / (Record no. 23917)
[ view plain ]
| 000 -LEADER | |
|---|---|
| fixed length control field | 01476cam a22002775a 4500 |
| 001 - CONTROL NUMBER | |
| control field | 14561609 |
| 005 - DATE AND TIME OF LATEST TRANSACTION | |
| control field | 20170112150909.0 |
| 008 - FIXED-LENGTH DATA ELEMENTS--GENERAL INFORMATION | |
| fixed length control field | 060921t2007 paua frb 001 0 eng d |
| 020 ## - INTERNATIONAL STANDARD BOOK NUMBER | |
| International Standard Book Number | 9781599041834 |
| 020 ## - INTERNATIONAL STANDARD BOOK NUMBER | |
| International Standard Book Number | 1599041839 |
| 040 ## - CATALOGING SOURCE | |
| Original cataloging agency | DLC |
| Transcribing agency | DLC |
| Modifying agency | BAKER |
| -- | C#P |
| -- | YDX |
| -- | YDXCP |
| -- | BTCTA |
| -- | DLC |
| -- | EG-ScBUE |
| Language of cataloging | eng |
| 082 04 - DEWEY DECIMAL CLASSIFICATION NUMBER | |
| Classification number | 005.3 |
| Edition number | 22 |
| Item number | ARC |
| 245 00 - TITLE STATEMENT | |
| Title | Architecture of reliable Web applications software / |
| Statement of responsibility, etc | [editors] Moh'd A. Radaideh, Hayder Al-Ameed. |
| 260 ## - PUBLICATION, DISTRIBUTION, ETC. (IMPRINT) | |
| Place of publication, distribution, etc | Hershey : |
| Name of publisher, distributor, etc | Idea Group Publishing, |
| Date of publication, distribution, etc | c.2007. |
| 300 ## - PHYSICAL DESCRIPTION | |
| Extent | xiv, 364 p. : |
| Other physical details | ill. ; |
| Dimensions | 26 cm. |
| 504 ## - BIBLIOGRAPHY, ETC. NOTE | |
| Bibliography, etc | Includes bibliographical references and index. |
| 520 ## - SUMMARY, ETC. | |
| Summary, etc | "This book presents new concepts regarding reliability, availability, manageability, performance, scalability, and secured-ability of applications, particularly those that run over the Web. It examines causes of failure in Web-based information system development projects, and indicates that to exploit the unprecedented opportunities offered by e-service applications, businesses and users alike need a highly available, reliable, and efficient telecommunication infrastructure"--Provided by publisher. |
| 650 #7 - SUBJECT ADDED ENTRY--TOPICAL TERM | |
| Topical term or geographic name as entry element | Application software |
| General subdivision | Development. |
| Source of heading or term | BUEsh |
| 9 (RLIN) | 4599 |
| 650 #7 - SUBJECT ADDED ENTRY--TOPICAL TERM | |
| Topical term or geographic name as entry element | Web site development. |
| Source of heading or term | BUEsh |
| 9 (RLIN) | 11303 |
| 650 #7 - SUBJECT ADDED ENTRY--TOPICAL TERM | |
| Topical term or geographic name as entry element | Software architecture. |
| Source of heading or term | BUEsh |
| 9 (RLIN) | 29417 |
| 651 ## - SUBJECT ADDED ENTRY--GEOGRAPHIC NAME | |
| Source of heading or term | BUEsh |
| 653 ## - INDEX TERM--UNCONTROLLED | |
| Resource For college | Informatics and Computer Science |
| Arrived date list | January2017 |
| 700 1# - ADDED ENTRY--PERSONAL NAME | |
| Personal name | Radaideh, Moh'd A., |
| Dates associated with a name | 1965- |
| Relator term | editor. |
| 700 1# - ADDED ENTRY--PERSONAL NAME | |
| Personal name | Al-Ameed, Hayder, |
| Dates associated with a name | 1969- |
| Relator term | editor. |
| 942 ## - ADDED ENTRY ELEMENTS (KOHA) | |
| Source of classification or shelving scheme | Dewey Decimal Classification |
| Withdrawn status | Item status | Source of classification or shelving scheme | Damaged status | Not for loan | Vendor | Home library | Current library | Shelving location | Date acquired | Source of acquisition | Cost, normal purchase price | Serial Enumeration / chronology | Total Checkouts | Full call number | Barcode | Date last seen | Cost, replacement price | Koha item type |
|---|---|---|---|---|---|---|---|---|---|---|---|---|---|---|---|---|---|---|
| Dewey Decimal Classification | Scientific home BookShop | Central Library | Central Library | Lower Floor | 12/01/2017 | Purchase | 795.00 | 2691 | 005.3 ARC | 000040923 | 15/07/2025 | 993.75 | Book - Borrowing |